<?xml version="1.0" encoding="UTF-8"?>
<collection xmlns="http://www.loc.gov/MARC21/slim">
    <record>
        <controlfield tag="001">39808</controlfield>
        <controlfield tag="005">20170831220340.0</controlfield>
        <datafield tag="037" ind1=" " ind2=" ">
            <subfield code="a">GDOC-2013-2602</subfield>
        </datafield>
        <datafield tag="041" ind1=" " ind2=" ">
            <subfield code="a">spa</subfield>
        </datafield>
        <datafield tag="245" ind1="0" ind2="0">
            <subfield code="9">60325</subfield>
            <subfield code="a">Biocronología</subfield>
        </datafield>
        <datafield tag="260" ind1=" " ind2=" ">
            <subfield code="a">Zaragoza</subfield>
            <subfield code="b">Universidad de Zaragoza</subfield>
            <subfield code="c">2013-2014</subfield>
        </datafield>
        <datafield tag="520" ind1=" " ind2=" ">
            <subfield code="a">La Biocronología es una disciplina paleontológica que se encarga de la datación de los fósiles, así como de los organismos del pasado que los generaron y de las rocas que los contienen. Permite establecer diversas escalas de tiempo que posteriormente son aplicables al estudio del registro estratigráfico y geológico. Se pretende que el alumno conozca las diferentes metodologías de trabajo para la construcción de las escalas biocronológicas (métodos de cronocorrelación y de calibración) y su aplicación (correlación de niveles estratigráficos, y datación de rocas, yacimientos, etc.). Por tener temáticas afines a esta asignatura, puede ser interesante para el estudiante cursar otras asignaturas como Paleobiogeografía, Reconstrución paleoambiental, Eventos de evolución y extinción, Metodología y técnicas de campo y laboratorio en investigación Paleontológica, Herramientas en sistemática paleontológica, Análisis secuencial y cicloestratigrafía o Paleomagnetismo.     </subfield>
        </datafield>
        <datafield tag="521" ind1=" " ind2=" ">
            <subfield code="9">601</subfield>
            <subfield code="a">Máster Universitario en Iniciación a la Investigación en Geología</subfield>
        </datafield>
        <datafield tag="540" ind1=" " ind2=" ">
            <subfield code="a">by-nc-sa</subfield>
            <subfield code="b">Creative Commons</subfield>
            <subfield code="c">3.0</subfield>
            <subfield code="u">http://creativecommons.org/licenses/by-nc-sa/3.0/</subfield>
        </datafield>
        <datafield tag="700" ind1=" " ind2=" ">
            <subfield code="0">(orcid)0000-0003-0063-8752</subfield>
            <subfield code="a">Arz Sola, José Antonio</subfield>
        </datafield>
        <datafield tag="830" ind1=" " ind2=" ">
            <subfield code="9">337</subfield>
        </datafield>
        <datafield tag="856" ind1="4" ind2=" ">
            <subfield code="s">145335</subfield>
            <subfield code="u">http://zaguan.unizar.es/record/39808/files/guia.pdf</subfield>
            <subfield code="y">Guía (idioma español)</subfield>
        </datafield>
        <datafield tag="980" ind1=" " ind2=" ">
            <subfield code="a">GDOC</subfield>
            <subfield code="b">Ciencias</subfield>
            <subfield code="c">100</subfield>
        </datafield>
    </record>

    
</collection>